| 000 | 00884cam a22002894a 4500 | ||
|---|---|---|---|
| 001 | 32392 | ||
| 005 | 20230410103928.0 | ||
| 008 | 000607s2000 couab b 001 0 eng | ||
| 035 | _a12033000 | ||
| 925 | 0 |
_aacquire _b2 shelf copies _xpolicy default |
|
| 942 |
_2lcc _cbk |
||
| 010 | _a00044775 | ||
| 020 | _a0813390427 (pbk. : alk. paper) | ||
| 040 |
_aDLC _cDLC _dDLC |
||
| 042 | _apcc | ||
| 043 | _af------ | ||
| 050 | 1 | 4 |
_a500 DT 20 _bO48a 2000 |
| 082 | 0 | 0 | _a960 |
| 100 | 1 | _aOliver, Roland Anthony. | |
| 245 | 1 | 4 |
_aThe African experience : _bfrom Olduvai Gorge to the 21st century / _cRoland Oliver. |
| 250 | _a2a ed. | ||
| 260 |
_aBoulder, Colo. : _bWestview Press, _c2000. |
||
| 300 |
_axii, 339 p., [12] p. of plates : _bill., maps ; _c23 cm. |
||
| 504 | _aIncludes bibliographical references and index. | ||
| 651 | 0 |
_aAfrica _xHistory. |
|
| 651 | 4 |
_aAfrica _xHistoria. |
|
| 999 |
_c28647 _d28647 |
||